Parks Textbook of Preventive and Social Medicine (Record no. 61123)

MARC details
000 -LEADER
fixed length control field 00554nam a22002177a 4500
003 - CONTROL NUMBER IDENTIFIER
control field OSt
005 - DATE AND TIME OF LATEST TRANSACTION
control field 20240702134535.0
008 - FIXED-LENGTH DATA ELEMENTS--GENERAL INFORMATION
fixed length control field 240702b |||||||| |||| 00| 0 eng d
020 ## - INTERNATIONAL STANDARD BOOK NUMBER
International Standard Book Number 978-93-82219-19-4
040 ## - CATALOGING SOURCE
Transcribing agency Trident
082 ## - DEWEY DECIMAL CLASSIFICATION NUMBER
Classification number 610
Item number PAR
100 ## - MAIN ENTRY--PERSONAL NAME
Personal name K.Park
9 (RLIN) 42234
245 ## - TITLE STATEMENT
Title Parks Textbook of Preventive and Social Medicine
250 ## - EDITION STATEMENT
Edition statement 27th
260 ## - PUBLICATION, DISTRIBUTION, ETC.
Place of publication, distribution, etc. Jabalpur
Name of publisher, distributor, etc. Banarsidas Bhanot
Date of publication, distribution, etc. 2023
300 ## - PHYSICAL DESCRIPTION
Extent xii,1033;
500 ## - GENERAL NOTE
General note 01
650 ## - SUBJECT ADDED ENTRY--TOPICAL TERM
Topical term or geographic name entry element Bio Medical
9 (RLIN) 42048
700 ## - ADDED ENTRY--PERSONAL NAME
Personal name Dr.John Everett Park
9 (RLIN) 45394
942 ## - ADDED ENTRY ELEMENTS (KOHA)
Source of classification or shelving scheme Dewey Decimal Classification
Koha item type Books
Suppress in OPAC No
Holdings
Withdrawn status Lost status Source of classification or shelving scheme Damaged status Not for loan Home library Current library Shelving location Date acquired Total Checkouts Full call number Barcode Date last seen Price effective from Koha item type
    Dewey Decimal Classification     Central Library, Trident Academy of Technology Central Library, Trident Academy of Technology General Stacks 07/02/2024   610 PAR 61195 07/02/2024 07/02/2024 Books
Trident Academy of Technology © 2023.
All rights reserved.                                                                                                                                                                                                        Designed by Team of Central Library .

Powered by Koha